Statistics for Territorial Disputes - Guess the Countries

Click here to take the quiz!

General Stats

  • This quiz has been taken 139 times
    (108 since last reset)
  • The average score is 43 of 54

Answers on the Map

Answers color-coded by a green-red scale on the quiz's map according to % correct below.
 

Answer Stats

HintAnswer% Correct
CrimeaUkraine
99%
GibraltarUnited Kingdom
99%
Falkland IslandsUnited Kingdom
99%
Oyster PondFrance
98%
MayotteFrance
98%
Mont Blanc SummitFrance
98%
Caspian SeaRussia
98%
CrimeaRussia
98%
KashmirIndia
97%
KashmirPakistan
97%
Korean PeninsulaSouth Korea
95%
Korean PeninsulaNorth Korea
94%
GibraltarSpain
94%
Southern Patagonian Ice FieldArgentina
93%
Falkland IslandsArgentina
93%
Nagorno-Karabakh RegionArmenia
92%
Nagorno-Karabakh RegionAzerbaijan
92%
Caspian SeaAzerbaijan
92%
Aegean Sea RegionTurkey
91%
Senkaku/Diaoyu IslandsChina
90%
Islands in the Congo RiverDR Congo
90%
Mont Blanc SummitItaly
90%
Aegean Sea RegionGreece
88%
Golan HeightsIsrael
88%
Southern Patagonian Ice FieldChile
87%
Golan HeightsSyria
87%
Islands in the Congo RiverCongo
86%
Caspian SeaIran
86%
Caspian SeaTurkmenistan
86%
Hans IslandCanada
84%
Hans IslandDenmark
84%
Lake ConstanceGermany
83%
Senkaku/Diaoyu IslandsJapan
83%
Fergana ValleyUzbekistan
83%
Fergana ValleyKyrgyzstan
81%
Golan HeightsLebanon
81%
SocotraYemen
81%
Fergana ValleyTajikistan
80%
Hala'ib TriangleEgypt
79%
SocotraSomalia
79%
Hala'ib TriangleSudan
79%
Lake ConstanceSwitzerland
78%
Lake ConstanceAustria
77%
MayotteComoros
66%
Oyster PondNetherlands
63%
Limbang DistrictMalaysia
59%
Point 20 and Pedra BrancaMalaysia
59%
Limbang DistrictBrunei
57%
DoumeiraEritrea
48%
DoumeiraDjibouti
47%
Sindabezi IslandZambia
38%
Sindabezi IslandZimbabwe
38%
Point 20 and Pedra BrancaSingapore
34%
Caspian SeaKazkhstan
9%

Score Distribution

Percentile by Number Answered

Percent of People with Each Score

Your Score History

You have not taken this quiz since the last reset